00970nam a22001817a 4500003000900000008004100009040007100050082002500121110002400146245005500170260005200225300006500277440006500342505032100407650002300728650002300751650001400774AR-CdUCM190329b ||||| |||| 00| 0 spa d aMUNICIPALIDAD PROVINCIAL DEL CUSCOcBIBLIOTECA MUNICIPAL DEL CUSCO a348.31 /bC81 / 1946 aMisterio de Fomento aContrato de Sechura :by documentos conexos 1946 / aLima :bDirección de Minas y Petroleo,c1946. aXXXIV, 179 páginas ;bilustraciones, mapa, tablas,c24 cm. aBoletín oficial de la Dirección de Minas y Petroleo.n80 aContenido: Exposición sobre el contrato de Sechura -- Contrato AD-Referendum celebrado entre el supremo Gobierno y la Internacional Petroleum company Limited -- Resoluciones y informaciones complementarias -- Contrato entre el Gobierno Peruano y de Bataafsche Petroleum Maatshappij, sobre la reserva de Sechura ... aEconomía Peruana aReservas naturales aPetroleo.